Country by one word #1 - Statistics

General Stats
  • This quiz has been taken 26 times
    15 since last reset
  • The average score is 10 of 15
Answer Stats
Hint Answer % Correct
K-POP South Korea
100%
Argentinium Argentina
90%
Kangaroo Australia
90%
Football Brazil
80%
Kiwi New Zealand
80%
India Pakistan
80%
Islam Saudi Arabia
80%
CR7 Portugal
70%
Hungary Austria
60%
Morocco Mauritania/Algeria
60%
Sauna Finland
50%
Patriotism Morocco
50%
Strong Meme Chad
40%
Invaded Poland
40%
0 capital Nauru
10%
No matching quizzes found
Score Distribution
Percent of People with Each Score
Percentile by Number Answered
Your Score History
You have not taken this quiz since the last reset